| 000 | 00397nam a2200157Ia 4500 | ||
|---|---|---|---|
| 008 | 230718s9999 xx 000 0 und d | ||
| 041 | _aeng | ||
| 082 |
_a604.2 _bKUM |
||
| 100 |
_aKumar A. _9111386 |
||
| 245 | _aEngineering Graphics I | ||
| 260 |
_c2004 _bTech Max Publications |
||
| 300 | _a838 | ||
| 365 |
_cRs. _b395.00 |
||
| 700 |
_aKumar A. _9111386 |
||
| 906 |
_dB:1970701-Mar-2004 _cALLEDS |
||
| 999 |
_c306883 _d306883 |
||